000 01446nam a2200361 c 4500
003 BLK
005 20241109124800.0
008 180409b bul|||||r ||||||| ||bul||
010 _aKNG00102875000
020 _a0-7513-8773-8
_bиздат.: Дорлинг Киндерсли Лтд
040 _aBLK
041 _aRUS
_cRUS
080 _aАвтомобили. Автомобилостроене
_b629.113
_x(038)
_z629.113(038)
700 1 _aКуранский, Евгений
_eпер. с англ.
_985782
139 _aЛегковые автоомобили
_bЛ 37
245 1 0 _aЛегковые автоомобили
_bНаглядный словарь
_cпер. с англ. Евгений Куранский.
257 _aGBR
260 Лондон ; Москва
_bДорлинг Киндерсли Лтд
_c2000
_fСловакия : Тлачарне ББ
300 _a64 с.
_bс цв. ил.
_c32 см
380 _a62
490 1 _aСерия наглядных словарей
500 _aОриг. загл. The Visual Dictionary of Cars. - Офс. изд.
650 4 _aАвтомобили, леки
_9249111
653 _aлеки коли
653 _aавтомобили
653 _aречници
852 _aЦб ІІ 11456
856 4 _qpdf
_u
856 4 _qpdf
_u
942 _cKNG
_n0
_06
944 _aCR
_c01.01.2000
_k30552
_lВиолета Тройчева
944 _aED
_c07.01.2017
_kЛюдмила_Стоянова
999 _c97957
_d97957